000 00428nam a2200169Ia 4500
008 230524s9999 xx 000 0 und d
082 _a621.382
_bALB
100 _aBruce Alberts
245 0 _aMolecular Biology of The Cell
250 _a2ND
260 _aNEW DELHI
_bGarland Sc.
_c2007
300 _aXXXIV;1031
500 _aQuantity Number: 2
650 _aBiomedical
700 _a"Johnson,Lewis ,etal.,,"
942 _cBK
999 _c38151
_d38151